[Event "Porto Mannu op"]
[Site "Porto Mannu"]
[Date "2008.05.18"]
[Round "2"]
[White "Gnetti, Paolo"]
[Black "Danieli, Enrico"]
[Result "0-1"]
[WhiteElo "1778"]
[BlackElo "2119"]
[PlyCount "118"]
[EventDate "2008.05.17"]
[EventType "swiss"]
[EventRounds "9"]
[EventCountry "ITA"]
[SourceTitle "CBM 124 Extra"]
[Source "ChessBase"]
[SourceDate "2008.07.03"]
[SourceVersion "1"]
[SourceVersionDate "2008.07.03"]
[SourceQuality "1"]

1. e4 c6 2. d4 d5 3. e5 c5 4. dxc5 Nc6 5. Nc3 e6 6. Nf3 Bxc5 7. Bf4 Nge7 8. Na4 Ng6 9. Nxc5 Nxf4 10. g3 Qa5+ 11. Qd2 Qxc5 12. gxf4 b6 13. Bg2 Ba6 14. c3 Rd8 15. b4 Qc4 16. a4 Qe4+ 17. Qe3 Qxe3+ 18. fxe3 Bd3 19. b5 Na5 20. Nd4 Rc8 21. Kd2 Bg6 22. h4 Nc4+ 23. Ke2 Bh5+ 24. Bf3 Bxf3+ 25. Nxf3 0-0 26. Nd4 Na5 27. Kd3 Rc4 28. Rhg1 Rfc8 29. Ra3 Nb7 30. Nc6 Rc7 31. Rga1 a5 32. bxa6 Nc5+ 33. Kc2 Rxc6 34. a5 Nxa6 35. axb6 Rxb6 36. Rxa6 Rxa6 37. Rxa6 g6 38. Rb6 Rc7 39. Kb2 Kg7 40. Rb4 Kh6 41. e4 dxe4 42. Rxe4 Kh5 43. c4 Kxh4 44. Kc3 Kg3 45. Rd4 h5 46. Kb4 h4 47. Kb5 h3 48. c5 h2 49. Rd1 Kxf4 50. Kb6 Rc8 51. Re1 g5 52. Rh1 Kg3 53. c6 Kg2 54. Rd1 h1Q 55. Rxh1 Kxh1 56. Kb7 Rg8 57. c7 g4 58. c8Q Rxc8 59. Kxc8 g3 0-1

[Event "Genova Primavera op 10th"]
[Site "Genova"]
[Date "2007.03.25"]
[Round "5"]
[White "Pesce, Leandro"]
[Black "Gnetti, Paolo"]
[Result "1-0"]
[WhiteElo "1716"]
[BlackElo "1671"]
[PlyCount "81"]
[EventDate "2007.03.23"]
[EventType "swiss"]
[EventRounds "5"]
[EventCountry "ITA"]
[SourceTitle "EXT 2008"]
[Source "ChessBase"]
[SourceDate "2007.11.25"]
[SourceVersion "1"]
[SourceVersionDate "2007.11.25"]
[SourceQuality "1"]

1. e4 Nf6 2. d3 e5 3. Nf3 Nc6 4. c3 d5 5. exd5 Nxd5 6. g3 Bg4 7. Bg2 Qd7 8. 0-0 0-0-0 9. Qc2 Be7 10. a4 h5 11. a5 a6 12. Re1 Bxf3 13. Bxf3 h4 14. Ra4 hxg3 15. fxg3 Kb8 16. b4 Ndxb4 17. cxb4 Qxd3 18. Qxd3 Rxd3 19. Bxc6 bxc6 20. Be3 Bd6 21. Nd2 f5 22. Re2 f4 23. gxf4 exf4 24. Bc5 f3 25. Rf2 Bxh2+ 26. Rxh2 Rxh2 27. Kxh2 Rxd2+ 28. Kg3 Rd3 29. Ra2 Kc8 30. Rf2 g5 31. Rxf3 Rxf3+ 32. Kxf3 Kb7 33. Kg4 Kc8 34. Kxg5 Kb7 35. Kf6 Kc8 36. Ke7 Kb7 37. Kd7 Ka8 38. Be3 Kb7 39. Bf4 Ka8 40. Kxc7 Ka7 41. Kxc6 1-0